| 000 | 00480nam a2200205Ia 4500 | ||
|---|---|---|---|
| 005 | 20240823023054.0 | ||
| 008 | 240823s9999||||xx |||||||||||||| ||und|| | ||
| 020 | _a81-78756-763-3 | ||
| 041 | _aENGLISH | ||
| 082 | _A621.395 P8 | ||
| 100 | _aFloyd | ||
| 245 | 0 | _aDigital Fundamentals | |
| 250 | _a8th | ||
| 260 |
_c2008 _b"Pearson Education,New " |
||
| 500 | _aTRANSFERED | ||
| 650 |
_aDigital _bInstrumentation |
||
| 700 | _a Jain R P | ||
| 942 | _cBK | ||
| 999 |
_c180673 _d180673 |
||